Introduction to powder surface area /
Guardado en:
| Autor Principal: | |
|---|---|
| Formato: | Libro |
| Idioma: | English |
| Publicado: |
New York :
Wiley,
c1979.
|
| Materias: | |
| Etiquetas: |
Agregar Etiqueta
Sin Etiquetas, Sea el primero en etiquetar este registro!
|
| LEADER | 00787cam a22002415a 4500 | ||
|---|---|---|---|
| 001 | EIQ.libpla002812 | ||
| 008 | 790524s1979####nyua#####b####001#0#eng#d | ||
| 005 | 20070828172228.0 | ||
| 245 | 1 | 0 | |a Introduction to powder surface area / |c S. Lowell. |
| 260 | |a New York : |b Wiley, |c c1979. | ||
| 300 | |a xvi, 199 p. : |b il. ; |c 24 cm. | ||
| 500 | |a "A Wiley-Interscience publication." | ||
| 504 | |a Incluye referencias bibliográficas e índice. | ||
| 020 | |a 0471047716 | ||
| 100 | 1 | |a Lowell, S. |q (Seymour), |d 1931- | |
| 082 | 0 | 0 | |a 620/.43 |
| 650 | 4 | |a Polvos |x Superficies. | |
| 650 | 4 | |a Polvos |x Areas y volúmenes. | |
| 650 | 0 | |a Powders |x Surfaces. | |
| 650 | 0 | |a Surfaces |x Areas and volumes. | |
| 010 | |a 79015878 | ||
| 040 | |a DLC |c DLC |d AR-BbSID | ||
| 859 | |a AR-BbSID |b BIB. PLAPIQUI |h 620.43 |i L 95 |p 761 | ||
